|
|
|
|
| LEADER |
00000nab a2200000 a 4500 |
| 001 |
vtls001506087 |
| 003 |
SK-MaSNL |
| 005 |
20260305000425.0 |
| 008 |
250505s1999 xo 000 0 slo |
| 015 |
|
|
|a SNBRB
|
| 035 |
|
|
|a SPKCL8414
|
| 035 |
|
|
|a urn:nbn:sk:snk-ab9snn
|
| 035 |
|
|
|a (urnnbn)urn:nbn:sk:snk:ar-a08rja
|
| 035 |
|
|
|a (uuid)6de7e5a5-80fb-4e5c-9c5b-a3de8aa78c1d
|
| 040 |
|
|
|a SNKBUCL
|b slo
|c SNKBUCL
|e AACR2
|
| 041 |
0 |
|
|a slo
|
| 044 |
|
|
|a xo
|c SK
|
| 080 |
|
|
|a 37.048.3/.4:331.548:373.3
|2 1981
|
| 100 |
1 |
|
|a Horváth, Kinga
|c (pedagogička)
|4 aut
|9 19633
|
| 245 |
1 |
0 |
|a Činnosti uplatňované v práci výchovného poradcu v oblasti profesionálnej orientácie v podmienkach základných škôl
|c Kinga Horváthová
|
| 650 |
0 |
7 |
|a výchovní poradcovia
|2 snkbucl
|9 71722
|
| 773 |
0 |
|
|t Technológia vzdelávania
|g Roč. 7, č. 4 (1999), s. 12-14. Dokonč
|
| 850 |
|
|
|a Slovenská národná knižnica
|
| 852 |
|
|
|a Slovenská národná knižnica
|
| 954 |
|
|
|a odborná, vedecká literatúra pôvodná (slovenská)
|2 lita
|
| 958 |
|
|
|a article13
|
| 958 |
|
|
|a OND
|
| 958 |
|
|
|a EUIPO
|
| 999 |
|
|
|c 3213628
|d 3215558
|